Madras Legislative Council: its Constitution and working between 1861 and 1909; (Record no. 65089)

MARC details
000 -LEADER
fixed length control field 00832cam a22002291 4500
001 - CONTROL NUMBER
control field sa 65007155
003 - CONTROL NUMBER IDENTIFIER
control field DLC
005 - DATE AND TIME OF LATEST TRANSACTION
control field 20260227112147.0
008 - FIXED-LENGTH DATA ELEMENTS--GENERAL INFORMATION
fixed length control field 731022s1964 ii b 000 0 eng
010 ## - LIBRARY OF CONGRESS CONTROL NUMBER
LC control number sa 65007155
035 ## - SYSTEM CONTROL NUMBER
System control number (OCoLC)721382
040 ## - CATALOGING SOURCE
Original cataloging agency DLC
Transcribing agency OCU
Modifying agency OCoLC
-- DLC
042 ## - AUTHENTICATION CODE
Authentication code premarc
050 00 - LIBRARY OF CONGRESS CALL NUMBER
Classification number JQ533
Item number .M3
100 1# - MAIN ENTRY--PERSONAL NAME
Personal name Markandan, K. C.
245 10 - TITLE STATEMENT
Title Madras Legislative Council: its Constitution and working between 1861 and 1909;
Remainder of title being a report, submitted to the Madras University, as a fellow in the Politics Department between October 1952 and October 1953,
Statement of responsibility, etc. by K.C. Markandan.
260 ## - PUBLICATION, DISTRIBUTION, ETC.
Place of publication, distribution, etc. Delhi,
Name of publisher, distributor, etc. S. Chand,
Date of publication, distribution, etc. 1964.
300 ## - PHYSICAL DESCRIPTION
Extent ii, 199 p.
Dimensions 23 cm.
504 ## - BIBLIOGRAPHY, ETC. NOTE
Bibliography, etc. note Includes bibliographical references.
610 10 - SUBJECT ADDED ENTRY--CORPORATE NAME
Corporate name or jurisdiction name as entry element Madras (India : State).
Subordinate unit Legislative Council
710 2# - ADDED ENTRY--CORPORATE NAME
Corporate name or jurisdiction name as entry element University of Madras

No items available.

Powered by Koha